书目信息 |
| 题名: |
六韬 三略全鉴
|
|
| 作者: | 姜尚 , 黄石公 著 ;东篱子 解译 | |
| 分册: | ||
| 出版信息: | 北京 中国纺织出版社有限公司 2019 |
|
| 页数: | 307页 | |
| 开本: | 26cm | |
| 丛书名: | ||
| 单 册: | ||
| 中图分类: | E892.24 , E892.33 | |
| 科图分类: | ||
| 主题词: | 兵法--中国--西周时代 , 兵法--中国--秦代 , 兵法--中国--唐代 | |
| 电子资源: | ||
| ISBN: | 978-7-5180-6661-2 | |
| 000 | 01210nam0 2200301 450 | |
| 001 | 2161297550 | |
| 005 | 20211117170142.50 | |
| 010 | @a978-7-5180-6661-2@b精装@dCNY68.00 | |
| 100 | @a20191114d2019 em y0chiy0110 ea | |
| 101 | 0 | @achi |
| 102 | @aCN@b110000 | |
| 105 | @ay z 000yy | |
| 200 | 1 | @a六韬 三略全鉴@9liu tao san lue quan jian@b专著@e珍藏版@f(周)姜尚,(汉)黄石公著@g东篱子解译 |
| 210 | @a北京@c中国纺织出版社有限公司@d2019 | |
| 215 | @a307页@d26cm | |
| 330 | @a《六韬》《三略》是反映我国古代军事思想的重要著作。《六韬》又称《太公六韬》、《太公兵法》,是一部集先秦黄老道家军事思想之大成的著作。《三略》相传为汉初道家隐士黄石公所著,它与前代兵书不同,是一部专论战略的兵书,尤其侧重阐述政略。《六韬三略全鉴》汇集了两部兵书的内容,对其原文进行了注释和翻译,有助于作者更轻松地阅读和理解。 | |
| 605 | @a《六韬》@x译文 | |
| 605 | @a《三略》@x译文 | |
| 606 | 0 | @a兵法@y中国@z西周时代 |
| 606 | 0 | @a兵法@y中国@z秦代 |
| 606 | 0 | @a兵法@y中国@z唐代 |
| 690 | @aE892.24@v5 | |
| 690 | @aE892.33@v5 | |
| 701 | 0 | @g(周)@a姜尚@9jiang shang@4著 |
| 701 | 0 | @g(汉)@a黄石公@9huang shi gong@4著 |
| 702 | 0 | @a东篱子@9dong li zi@4解译 |
| 801 | 0 | @aCN@b山东中教@c20211112 |
| 905 | @aZUCC@dE892.24@e5 | |
| 六韬 三略全鉴:珍藏版/(周)姜尚,(汉)黄石公著/东篱子解译.-北京:中国纺织出版社有限公司,2019 |
| 307页;26cm |
| ISBN 978-7-5180-6661-2(精装):CNY68.00 |
| 《六韬》《三略》是反映我国古代军事思想的重要著作。《六韬》又称《太公六韬》、《太公兵法》,是一部集先秦黄老道家军事思想之大成的著作。《三略》相传为汉初道家隐士黄石公所著,它与前代兵书不同,是一部专论战略的兵书,尤其侧重阐述政略。《六韬三略全鉴》汇集了两部兵书的内容,对其原文进行了注释和翻译,有助于作者更轻松地阅读和理解。 |
| ● |
| 相关链接 |
|
|
|
正题名:六韬 三略全鉴
索取号:E892.24/5
 
预约/预借
| 序号 | 登录号 | 条形码 | 馆藏地/架位号 | 状态 | 备注 |
| 1 | 2000890694 | 2000890694 | 兵学书屋/兵圣1架A面3层4列/ [索取号:E892.24/5] | 在馆 | |
| 2 | 2000890695 | 2000890695 | 兵学书屋/兵圣1架A面3层4列/ [索取号:E892.24/5] | 在馆 | |
| 3 | 2000890696 | 2000890696 | 兵学书屋/兵圣1架A面3层4列/ [索取号:E892.24/5] | 在馆 |